Ligne B3A RTM : bus marseillais - Statistiques

Statistiques générales
  • Ce quiz a été pris 8 fois
  • Le résultat moyen est 8 sur 10
Statistiques - réponses
Indice Arrêt % Correct
©M1-37-38-39 Métro Malpassé
100%
©27-32 Les Oliviers
100%
©3-32-33 St Jérôme IUT
100%
©27-38 Hôpital Laveran
83%
©32 Les Lilas
83%
©37-38-42/t Malpassé
83%
©3 St Jérôme Parking Relais
67%
©27-38 Lycée Diderot
67%
©27-32 Stade de Malpassé
67%
©32 St Jérôme Faculté
50%
Aucun quiz correspondant
Distribution des résultats
% des personnes avec chaque résultat
Percentile par nombre de réponses
Votre historique - résultats
Vous n’avez pas pris ce quiz